书目信息 |
| 题名: |
唐乐琵琶古谱考辨与校译
|
|
| 作者: | 庄永平 著 | |
| 分册: | ||
| 出版信息: | 上海 上海三联书店 2020.6 |
|
| 页数: | 510页 | |
| 开本: | 26cm | |
| 丛书名: | 中华国乐·经典文献库 | |
| 单 册: | ||
| 中图分类: | J648.33 | |
| 科图分类: | ||
| 主题词: | 琵琶--乐谱--研究--中国--唐代 | |
| 电子资源: | ||
| ISBN: | 978-7-5426-6944-5 | |
| 000 | 00954nam0 2200253 45 | |
| 001 | 012001001499 | |
| 005 | 20130912142808.0 | |
| 010 | @a978-7-5426-6944-5@dCNY118.00 | |
| 100 | @a20200824d2020 em y0chiy0110 ea | |
| 101 | 0 | @achi |
| 102 | @aCN@b310000 | |
| 105 | @aag z 000yy | |
| 106 | @ar | |
| 200 | 1 | @a唐乐琵琶古谱考辨与校译@Atang yue pi pa gu pu kao bian yu jiao yi@f庄永平著 |
| 210 | @a上海@c上海三联书店@d2020.6 | |
| 215 | @a510页@c图@d26cm | |
| 225 | 2 | @a中华国乐·经典文献库@f方立平总主编 |
| 330 | @a本书是对现存于世的唐代最重要的三本琵琶古谱的翻译、校正与考辨。共分四个章节:第一章《敦煌乐谱》考辨与校译;第二章《五弦谱》考辨与校译;第三章《三五要录谱》考辨与校译;第四章综论《唐乐琵琶三谱》。 | |
| 461 | 0 | @12001 @a中华国乐·经典文献库 |
| 606 | 0 | @a琵琶@x乐谱@x研究@y中国@z唐代 |
| 690 | @aJ648.33@v5 | |
| 701 | 0 | @a庄永平@Azhuang yong ping@f(1945-)@4著 |
| 801 | @aCN@b江苏凤凰@c20211018 | |
| 905 | @b1343737-40@dJ648.33@e259@f4 | |
| 唐乐琵琶古谱考辨与校译/庄永平著.-上海:上海三联书店,2020.6 |
| 510页:图;26cm.-(中华国乐·经典文献库/方立平总主编) |
| ISBN 978-7-5426-6944-5:CNY118.00 |
| 本书是对现存于世的唐代最重要的三本琵琶古谱的翻译、校正与考辨。共分四个章节:第一章《敦煌乐谱》考辨与校译;第二章《五弦谱》考辨与校译;第三章《三五要录谱》考辨与校译;第四章综论《唐乐琵琶三谱》。 |
| ● |
| 相关链接 |
|
|
|
|
正题名:唐乐琵琶古谱考辨与校译
索取号:J648.33/259
 
预约/预借
| 序号 | 登录号 | 条形码 | 馆藏地/架位号 | 状态 | 备注 |
| 1 | 1343737 | 213437379 | 第一样本阅览室/ [索取号:J648.33/259] | 在馆 | |
| 2 | 1343738 | 213437388 | 第一借阅区/ [索取号:J648.33/259] | 在馆 | |
| 3 | 1343739 | 213437397 | 第一借阅区/ [索取号:J648.33/259] | 在馆 | |
| 4 | 1343740 | 213437404 | 第一借阅区/ [索取号:J648.33/259] | 在馆 |